Graphite Containing Composites Based on Bearing Steel under Boundary Sliding with High Electric Current Density; AIP Conference Proceedings; Vol. 2051 : Advanced Materials with Hierarchical Structure for New Technologies and Reliable Structures 2018 (AMHS’18)

Dettagli Bibliografici
Parent link:AIP Conference Proceedings
Vol. 2051 : Advanced Materials with Hierarchical Structure for New Technologies and Reliable Structures 2018 (AMHS’18).— 2018.— [020006, 4 p.]
Autore principale: Aleutdinova M. I.
Ente Autore: Национальный исследовательский Томский политехнический университет (ТПУ)
Altri autori: Fadin V. V., Aleutdinov A. D. Alexander Dmitrievich
Riassunto:Title screen
It was shown that rather low wear intensity of sintered graphite-containing composites was achieved in the self-lubrication mode under the influence of electric current in sliding against the copper counterbody. Composites were based on bearing steel, obtained from grinding wastes. The composites were sintered in air medium being protected by graphite powder. It was noted that a change in the concentration of graphite or copper in the primary structure of the composites had little effect on the characteristics of the contact. It was found that the main influence on the contact behavior was due to the oil amount on the sliding surface. It was concluded that long-term contact can be realized if the composite has an open pore space.
Режим доступа: по договору с организацией-держателем ресурса
Lingua:inglese
Pubblicazione: 2018
Soggetti:
Accesso online:https://doi.org/10.1063/1.5083249
Natura: Elettronico Capitolo di libro
KOHA link:https://koha.lib.tpu.ru/cgi-bin/koha/opac-detail.pl?biblionumber=659132

MARC

LEADER 00000nla2a2200000 4500
001 659132
005 20231101135047.0
035 |a (RuTPU)RU\TPU\network\27579 
035 |a RU\TPU\network\25713 
090 |a 659132 
100 |a 20190122a2018 k y0engy50 ba 
101 0 |a eng 
105 |a y z 100zy 
135 |a drcn ---uucaa 
181 0 |a i  
182 0 |a b 
200 1 |a Graphite Containing Composites Based on Bearing Steel under Boundary Sliding with High Electric Current Density  |f M. I. Aleutdinova, V. V. Fadin, A. D. Aleutdinov 
203 |a Text  |c electronic 
300 |a Title screen 
320 |a [References: 9 tit.] 
330 |a It was shown that rather low wear intensity of sintered graphite-containing composites was achieved in the self-lubrication mode under the influence of electric current in sliding against the copper counterbody. Composites were based on bearing steel, obtained from grinding wastes. The composites were sintered in air medium being protected by graphite powder. It was noted that a change in the concentration of graphite or copper in the primary structure of the composites had little effect on the characteristics of the contact. It was found that the main influence on the contact behavior was due to the oil amount on the sliding surface. It was concluded that long-term contact can be realized if the composite has an open pore space. 
333 |a Режим доступа: по договору с организацией-держателем ресурса 
461 0 |0 (RuTPU)RU\TPU\network\4816  |t AIP Conference Proceedings 
463 0 |0 (RuTPU)RU\TPU\network\27575  |t Vol. 2051 : Advanced Materials with Hierarchical Structure for New Technologies and Reliable Structures 2018 (AMHS’18)  |o Proceedings of the International conference, 1–5 October 2018, Tomsk, Russia  |f National Research Tomsk Polytechnic University (TPU); eds. V. E. Panin, S. G. Psakhie, V. M. Fomin  |v [020006, 4 p.]  |d 2018 
610 1 |a электронный ресурс 
610 1 |a труды учёных ТПУ 
610 1 |a графиты 
610 1 |a композиты 
610 1 |a стали 
610 1 |a подшипниковые стали 
610 1 |a скольжение 
610 1 |a электрический ток 
610 1 |a смазывание 
700 1 |a Aleutdinova  |b M. I. 
701 1 |a Fadin  |b V. V. 
701 1 |a Aleutdinov  |b A. D.  |c Chemical Engineer  |c Laboratory assistant researcher of Tomsk Polytechnic University  |f 1958-  |g Alexander Dmitrievich  |2 stltpush  |3 (RuTPU)RU\TPU\pers\34847 
712 0 2 |a Национальный исследовательский Томский политехнический университет (ТПУ)  |c (2009- )  |2 stltpush  |3 (RuTPU)RU\TPU\col\15902 
801 2 |a RU  |b 63413507  |c 20190122  |g RCR 
856 4 |u https://doi.org/10.1063/1.5083249 
942 |c CF